000 00613nam a2200193Ia 4500
001 7973
003 GE_BSU
008 181216s||||||||xx |||||||||||||| ||und||
040 _cGE_BSU
245 _aУспехи современной биологии, Том 133.№4.2013.
245 _bТом 133.№4.2013.июль-Август
245 _cгл.ред.И.А.Захаров-Гезехус и др.
260 _aМосква.
260 _bНАУКА.
260 _c2013.Июль-Август.
300 _a416ст;28см.
653 _aУспехи современной биологии
942 _cCR
999 _c41316
_d41316